Makroekonomický model české ekonomiky: návrh možného přístupu

Pri konštrukcii makroekonomického modelu ekonomiky - 4 zásadné problémy: samotná špecifikácia modelu, nestabilita parametrov, nedostupnosť dát v potrebnej štruktúre a kvalite, nedostatočný počet pozorovaní. Charakteristika prístupu a špecifikácia modelu. Ekonomické problémy pri spracovaní dát. Využi...

Full description

Saved in:
Bibliographic Details
Main Author: Hanousek, Jan
Other Authors: Tůma, Zdeněk
Format: Book Chapter
Language:Czech
Subjects:
Tags: Add Tag
No Tags, Be the first to tag this record!

MARC

LEADER 00000naa a2200000 4500
001 r015327
005 20221205090235.2
041 0 |a cze 
044 |a CZ 
245 1 0 |a Makroekonomický model české ekonomiky: návrh možného přístupu  |c J. Hanousek, Z. Tůma 
520 |a Pri konštrukcii makroekonomického modelu ekonomiky - 4 zásadné problémy: samotná špecifikácia modelu, nestabilita parametrov, nedostupnosť dát v potrebnej štruktúre a kvalite, nedostatočný počet pozorovaní. Charakteristika prístupu a špecifikácia modelu. Ekonomické problémy pri spracovaní dát. Využitie dodatočných informácií o chovaní makroekonomických agregátov. Modely s náhodnými koeficientami. 
610 2 0 |a makroekonomika 
610 2 0 |a Česko 
610 2 0 |a modely ekonomické 
100 1 |a Hanousek, Jan 
700 1 |a Tůma, Zdeněk